00301 a2200109 4500001000700000020000600007040001100013100004100024240006100065245005600126362000900182167887 a  cMagnum aMaakaroun, Marilia de Freitas Et Al.10aTratado de adolescencia: um estudo multidisciplinarlpor10aTratado de adolescencia: um estudo multidisciplinar0 a1899